000 01274nam a2200337Ia 4500
001 ebr10661784
003 CaPaEBR
006 m u
007 cr cn|||||||||
008 080822s2009 nyua sb 001 0 eng d
010 _z 2008037513
020 _z9781608768219
020 _z9781606921814 (hardcover)
020 _z1606921819 (hardcover)
040 _aCaPaEBR
_cCaPaEBR
035 _a(OCoLC)840132422
050 1 4 _aQR342
_b.C663 2009eb
082 0 4 _a579.2/6
_222
245 0 0 _aContemporary trends in bacteriophage research
_h[electronic resource] /
_cHorace T. Adams, editor.
260 _aNew York :
_bNova Science Publishers,
_cc2009.
300 _axv, 447 p. :
_bill. (some col.)
500 _a"Nova biomedical".
504 _aIncludes bibliographical references and index.
533 _aElectronic reproduction.
_bPalo Alto, Calif. :
_cebrary,
_d2013.
_nAvailable via World Wide Web.
_nAccess may be limited to ebrary affiliated libraries.
650 0 _aBacteriophages.
650 0 _aFemtosecond lasers.
655 7 _aElectronic books.
_2local
700 1 _aAdams, Horace T.
710 2 _aebrary, Inc.
856 4 0 _uhttp://site.ebrary.com/lib/rucke/Doc?id=10661784
_zAn electronic book accessible through the World Wide Web; click to view
999 _c169857
_d169857